书目信息 |
| 题名: |
小班化背景下“四学一体”课堂教学模式的架构
|
|
| 作者: | 孙希敏 , 刘玉信 , 宋海峰 主编 | |
| 分册: | ||
| 出版信息: | 北京 中国国际广播出版社 2020 |
|
| 页数: | 184页 | |
| 开本: | 24cm | |
| 丛书名: | ||
| 单 册: | ||
| 中图分类: | G632.421 , G632.4 | |
| 科图分类: | ||
| 主题词: | 课堂教学--教学研究--中小学 | |
| 电子资源: | ||
| ISBN: | 978-7-5078-4673-7 | |
| 000 | 01103nam0 2200253 450 | |
| 001 | 2347848601 | |
| 005 | 20231104131748.73 | |
| 010 | @a978-7-5078-4673-7@dCNY49.00 | |
| 100 | @a20200713d2020 em y0chiy50 ea | |
| 101 | 0 | @achi |
| 102 | @aCN@b110000 | |
| 105 | @aa z 000yy | |
| 200 | 1 | @a小班化背景下“四学一体”课堂教学模式的架构@9xiao ban hua bei jing xia“si xue yi ti”ke tang jiao xue mo shi de jia gou@f孙希敏, 刘玉信, 宋海峰主编 |
| 210 | @a北京@c中国国际广播出版社@d2020 | |
| 215 | @a184页@c图@d24cm | |
| 330 | @a本书剖析了“四学一体”课堂教学模式的流程和操作规程。全书内容包括五章:小班化“四学一体”课堂教学模式的指导思想和特点、小班化“四学一体”课堂教学模式的设计与实施、小班化“四学一体”教学模式案例分析、小班化“四学一体”课堂教学模式的几个策略、小班化“四学一体”教学模式课后反思。 | |
| 606 | 0 | @a课堂教学@x教学研究@x中小学 |
| 690 | @aG632.421@v5 | |
| 690 | @aG632.4@v4 | |
| 701 | 0 | @a孙希敏@9sun xi min@4主编 |
| 701 | 0 | @a刘玉信@9liu yu xin@4主编 |
| 701 | 0 | @a宋海峰@9Song Hai Feng@4主编 |
| 801 | 0 | @aCN@b大连网信软件有限公司图书馆·11@c20231104 |
| 905 | @aBZT@dG632.4@e9 | |
| 小班化背景下“四学一体”课堂教学模式的架构/孙希敏, 刘玉信, 宋海峰主编.-北京:中国国际广播出版社,2020 |
| 184页:图;24cm |
| ISBN 978-7-5078-4673-7:CNY49.00 |
| 本书剖析了“四学一体”课堂教学模式的流程和操作规程。全书内容包括五章:小班化“四学一体”课堂教学模式的指导思想和特点、小班化“四学一体”课堂教学模式的设计与实施、小班化“四学一体”教学模式案例分析、小班化“四学一体”课堂教学模式的几个策略、小班化“四学一体”教学模式课后反思。 |
| ● |
| 相关链接 |
|
|
|
正题名:小班化背景下"四学一体"课堂教学模式的架构
索取号:G632.4/9
 
预约/预借
| 序号 | 登录号 | 条形码 | 馆藏地/架位号 | 状态 | 备注 |
| 1 | 2000946307 | 2000946307 | 安徽、中教混合/安徽时代(第一批)/32/ [索取号:G632.4/9] | 在馆 | |
| 2 | 2000946308 | 2000946308 | 安徽、中教混合/安徽时代(第一批)/32/ [索取号:G632.4/9] | 在馆 | |
| 3 | 2000946309 | 2000946309 | 安徽、中教混合/安徽时代(第一批)/32/ [索取号:G632.4/9] | 在馆 | |
| 4 | 2000946310 | 2000946310 | 安徽、中教混合/安徽时代(第一批)/32/ [索取号:G632.4/9] | 在馆 | |
| 5 | 2000946311 | 2000946311 | 安徽、中教混合/安徽时代(第一批)/32/ [索取号:G632.4/9] | 在馆 | |
| 6 | 2000946312 | 2000946312 | 安徽、中教混合/安徽时代(第一批)/32/ [索取号:G632.4/9] | 在馆 |